书目信息 |
| 题名: |
中国经济特区研究
|
|
| 作者: | 袁易明 主编 | |
| 分册: | 2013年第1期 总第6期 | |
| 出版信息: | 北京 社会科学文献出版社 2013 |
|
| 页数: | 387页 | |
| 开本: | 26cm | |
| 丛书名: | ||
| 单 册: | ||
| 中图分类: | F127.9 | |
| 科图分类: | ||
| 主题词: | 经济特区--研究--中国 , 经济特区 | |
| 电子资源: | ||
| ISBN: | 978-7-5097-5459-7 | |
| 000 | 01157nam0 2200277 450 | |
| 001 | 519 | |
| 005 | 20140908162749.01 | |
| 010 | @a978-7-5097-5459-7@dCNY85.00 | |
| 100 | @a20140220d2013 em y0chiy50 ea | |
| 101 | 0 | @achi@aeng |
| 102 | @aCN@b110000 | |
| 105 | @ay z 000yy | |
| 106 | @ar | |
| 200 | 1 | @a中国经济特区研究@AZhong Guo Jing Ji Te Qu Yan Jiu@h2013年第1期 总第6期@H2013 Nian Di 1 Qi Zong Di 6 Qi@dStudies on China's special economic zones@h2013 Number 1 Volume 6@f袁易明主编@FYuan Yi Ming Zhu Bian@zeng |
| 210 | @a北京@c社会科学文献出版社@d2013 | |
| 215 | @a387页@d26cm | |
| 300 | @aCNKI全文数据库收录 中英文双语出版 | |
| 300 | @a教育部人文社会科学重点研究基地 深圳大学中国经济特区研究中心主办 | |
| 330 | @a本书收录了《印度经济特区模式研究》、《中国模式的特征和优势》、《论经济特区的自主体制创新》、《中国共产党制度创新路径选择》等文章。 | |
| 510 | 1 | @aStudies on China's special economic zones@h2013 Number 1 Volume 6@zeng |
| 606 | 0 | @a经济特区@x研究@y中国 |
| 606 | 0 | @a经济特区 |
| 690 | @aF127.9@v5 | |
| 701 | 0 | @a袁易明@AYuan Yi Ming@f(1963~)@4主编 |
| 801 | 0 | @aCN@bTANGWEI@c20140603 |
| 905 | @b0837994-96@dF127.9@e242@f3 | |
| 中国经济特区研究.2013年第1期 总第6期=Studies on China's special economic zones.2013 Number 1 Volume 6/袁易明主编.-北京:社会科学文献出版社,2013 |
| 387页;26cm |
| CNKI全文数据库收录 中英文双语出版.-教育部人文社会科学重点研究基地 深圳大学中国经济特区研究中心主办 |
| ISBN 978-7-5097-5459-7:CNY85.00 |
| 本书收录了《印度经济特区模式研究》、《中国模式的特征和优势》、《论经济特区的自主体制创新》、《中国共产党制度创新路径选择》等文章。 |
| ● |
| 相关链接 |
|
|
|
|
正题名:中国经济特区研究
索取号:F127.9/242
 
预约/预借
| 序号 | 登录号 | 条形码 | 馆藏地/架位号 | 状态 | 备注 |
| 1 | 0837994 | 208379949 | 第一样本阅览室/ [索取号:F127.9/242] | 在馆 | |
| 2 | 0837995 | 208379958 | 第一借阅区/ [索取号:F127.9/242] | 在馆 | |
| 3 | 0837996 | 208379967 | 密集书库-海洋学院/ [索取号:F127.9/242] | 在馆 |